Los chamanes de México : Pachita /

El autor, psicólogo y doctor en ciencias biomédicas, relata las curaciones y operaciones psíquicas practicadas por la curandera Bárbara Guerrero (ca. 1900-1979), conocida con el pseudónimo de Pachita, cuando él estuvo a su lado aprendiendo de sus experiencias.

שמור ב:
מידע ביבליוגרפי
מחבר ראשי: Grinberg-Zylberbaum, Jacobo (autor)
פורמט: ספר
שפה:ספרדית
יצא לאור: México : Colofón, 1994, c1994
סדרה:(Líneas Alternativas)
נושאים:
תגים: הוספת תג
אין תגיות, היה/י הראשונ/ה לתייג את הרשומה!

MARC

LEADER 00000nam^a2200000^a^4500
001 000392058
005 20250521000000.0
009 20260310121231.739
020 |a 968-867-073-1 
037 |a Acervo ITESO - Biblioteca 
041 |a ESP 
082 |a 291. 62  |b GRI V. 3 
100 |a Grinberg-Zylberbaum, Jacobo  |e (autor) 
240 1 5 |a [Los chamanes de México] 
245 1 4 |a Los chamanes de México :  |b Pachita /  |c J. Grinberg-Zylberbaum. 
264 4 |a México :  |b Colofón,  |c 1994, c1994 
300 |a 229 p. 
336 |a texto  |b txt  |2 rdacontenido 
337 |a sin mediación  |b n  |2 rdamedio 
338 |a volumen  |b nc  |2 rdasoporte 
440 1 |a (Líneas Alternativas) 
520 |a El autor, psicólogo y doctor en ciencias biomédicas, relata las curaciones y operaciones psíquicas practicadas por la curandera Bárbara Guerrero (ca. 1900-1979), conocida con el pseudónimo de Pachita, cuando él estuvo a su lado aprendiendo de sus experiencias. 
649 |a XX 
650 |a Brujos y Chamanes Mexicanos 
650 |a Curanderos Mexicanos 
650 |a Chamanismo -  |z México -  |x Tema Principal 
650 |a Parapsicología 
650 |a Religión 
650 |a Pachita -  |x Tema Principal 
910 |a Fondo Carlos Núñez Hurtado 
920 |a Impresos - Libros 
930 |a Fondos Especiales 
905 |a 117 
901 |a 0500286679  |b IT2  |c ESP  |i D80419  |u 20250521 
902 |a https://opac.biblio.iteso.mx/vufind/Record/000392058